000 01543nam a22003011a 4500
999 _c12323
_d12323
001 12323
003 OSt
005 20260204212322.0
008 150520s2014||||dr ||||||b||||||||||spa||
090 _aM-BA 2014 C15
100 _aCalderón Rosario, Yasser Ant.
_esustentante
245 1 0 _aAplicación de las teorías de estilos de aprendizajes en las estrategias de enseñanza en el politécnico Juan Sánchez Ramírez, Distrito Educativo 16-01 de Cotuí, en el nivel medio, Modalidad Técnico Profesional, año escolar 2013-2014 / Yasser Ant. Calderón Rosario, Daneiris Del Rosario Espinal, Ana Karina Rondón Lora y otros siete ; asesor Fior D' Alisa Báez
260 _aCotuí, República Dominicana :
_bUTECO,
_c2014
300 _a63 hojas :
_bIlustraciones ;
_c28cm.
502 _aMonográfico (Educación Básica)--Universidad Tecnológica del Cibao Oriental, 2014
504 _aIncluye referencia bibliográfica e índice
650 4 _aEstrategia enseñanza aprendizaje
700 1 _aQuezada Concepción, María
_esustentante
700 1 _aTavarez Minaya, Juana Lorenza
_esustentante
700 1 _aPadilla Rosario, Yudelki
_esustentante
700 1 _aDe Jesús Herrera, Marilyn
_esustentante
700 1 _aÁlvarez, Mercedes Jarolisa
_esustentante
700 1 _aDíaz Cimes, Martina
_esustentante
700 1 _aJiménez Báez, Johanny
_esustentante
700 1 _aBáez, Fior D´Aliza
_easesor
830 _aTesis y disertaciones académicas (Universidad Tecnológica del Cibao Oriental)
942 _2LC
_cTH